| 000 -ლიდერი |
| ფიქსირებული სიგრძის საკონტროლო ველი |
01860nam a2200313Ia 4500 |
| 001 - საკონტროლო ნომერი |
| საკონტროლო ველი |
2415 |
| 003 - საკონტროლო ნომრის იდენტიფიკატორი |
| საკონტროლო ველი |
GE_BSU |
| 005 - ბოლო ოპერაციის თარიღი და დრო |
| საკონტროლო ველი |
20250401123501.0 |
| 008 - ფიქსირებული სიგრძის მონაცემთა ელემენტები - ზოგადი ინფორმაცია |
| ფიქსირებული სიგრძის საკონტროლო ველი |
181216s2010||||ge |||||||||||||| ||geo|| |
| 020 ## - წიგნის საერთაშორისო სტანდარტული ნომერი |
| International Standard Book Number |
9789941025600 |
| 040 ## - კატალოგიზაციის წყარო |
| Transcribing agency |
GE_BSU |
| 041 ## - ენის კოდი |
| Language code of text/sound track or separate title |
geo |
| 080 ## - უნივერსალური ათობითი კლასიფიკაციის ინდექსი |
| Universal Decimal Classification number |
376.3 ს–987 |
| 100 ## - მთავარი ჩანაწერი - პიროვნების სახელი |
| Personal name |
ჭინჭარაული, თინათინ |
| 9 (RLIN) |
17794 |
| 245 ## - ცნობა სათაურის შესახებ |
| Title |
სწავლის უნარის დარღვევის მქონე მოსწავლეთა სწავლება / |
| Statement of responsibility, etc |
[ავტ.: თინათინ ჭინჭარაული, მაია ბაგრატიონი, ანა ლაღიძე, თათია პაჭკორია ; მხატვ. ბუბა ოჩიაური ; ეროვნ. სასწავლო გეგმებისა და შეფასების ცენტრი]. |
| 264 ## - წარმოების, გამოცემის, დისტრიბუციის და სხვა ცნობები |
| გამოცემის, წარმოების, დისტრიბუციის... ადგილი |
თბილისი, |
| გამოცემის, წარმოების, დისტრიბუციის... თარიღი |
2010. |
| 300 ## - ფიზიკური აღწერა |
| Extent |
199 გვ.; |
| Other physical details |
25 სმ. |
| 490 ## - სერიის ცნობა |
| Series statement |
ინკლუზიური განათლება |
| 504 ## - BIBLIOGRAPHY, ETC. NOTE |
| Bibliography, etc |
ბიბლიოგრ.: გვ. 183. |
| 653 ## - INDEX TERM--UNCONTROLLED |
| Uncontrolled term |
ინკლუზიური განათლება |
| 653 ## - INDEX TERM--UNCONTROLLED |
| Uncontrolled term |
შეზღუდული შესაძლებლობების მქონე ადამიანთა განათლება |
| 700 ## - ADDED ENTRY--PERSONAL NAME |
| Personal name |
ბაგრატიონი, მაია |
| Relator term |
ავტორი |
| 9 (RLIN) |
24723 |
| 700 ## - ADDED ENTRY--PERSONAL NAME |
| Personal name |
ლაღიძე, ანა |
| Relator term |
ავტორი |
| 9 (RLIN) |
24724 |
| 700 ## - ADDED ENTRY--PERSONAL NAME |
| Personal name |
პაჭკორია, თათია |
| Relator term |
ავტორი |
| 9 (RLIN) |
2628 |
| 700 ## - ADDED ENTRY--PERSONAL NAME |
| Personal name |
ოჩიაური, ბუბა |
| Relator term |
მხატვარი |
| 9 (RLIN) |
2710 |
| 710 ## - ADDED ENTRY--CORPORATE NAME |
| Corporate name or jurisdiction name as entry element |
ეროვნ. სასწავლო გეგმებისა და შეფასების ცენტრი. |
| 9 (RLIN) |
24725 |
| 942 ## - ADDED ENTRY ELEMENTS (KOHA) |
| Koha item type |
წიგნი |
| Source of classification or shelving scheme |
|